Statistics for The Andrew Johnson Presidency

Click here to take the quiz!

General Stats

  • This quiz has been taken 282 times
  • The average score is 11 of 15

Answer Stats

HintAnswer% Correct
Political party he switched back toDemocratic
94%
Served as VP under this PresidentAbraham Lincoln
90%
Johnson was the first of (so far) three Presidents to be...Impeached
90%
Territory bought from RussiaAlaska
89%
13th Amendment officially prohibited this practiceSlavery
87%
14th Amendment gave citizenship to these people{African}-Americans
86%
Name for the period of "rebuilding" the country after the warReconstruction
85%
An Irish Catholic organization attempted to invade this other neighboring countryCanada
78%
France had established a short-lived empire in this neighboring countryMexico
75%
His home stateTennessee
71%
Midwest territory that became a stateNebraska
59%
His birth stateNorth Carolina
58%
Derogatory term for a Northerner moving to the South during this timeCarpetbagger
57%
His wife's name (hint: starts with E)Eliza
52%
Political party as President (initially)National {Union} Party
49%

Score Distribution

Percentile by Number Answered

Percent of People with Each Score

Your Score History

You have not taken this quiz